000 00520nam a2200181Ia 4500
005 20250625101939.0
008 008 250516s9999 xx 000 0 eng d
020 _a9781641724746
040 _beng
_cSDCL
041 _aeng
_2eng
084 _aS1:437 R0
100 _aKeaton, Matt
_9810092
245 0 _aLearning disabilities and challenging behaviors :
_bClassroom management
260 _aNew York :
_bLarsen and Keller,
_c2020.
300 _aviii, 219p.
650 _aApplied Psychology
942 _cTEXL
_2CC
999 _c1430594
_d1430594